MARC details
| 000 -LEADER |
| fixed length control field |
01036nam a2200241Ia 4500 |
| 003 - CONTROL NUMBER IDENTIFIER |
| control field |
IN-BaIIA |
| 008 - FIXED-LENGTH DATA ELEMENTS--GENERAL INFORMATION |
| fixed length control field |
211028s9999 xx 000 0 eng d |
| 020 ## - INTERNATIONAL STANDARD BOOK NUMBER |
| International Standard Book Number |
0-8194-0048-3 |
| 040 ## - CATALOGING SOURCE |
| Transcribing agency |
IIA Library |
| 080 ## - UNIVERSAL DECIMAL CLASSIFICATION NUMBER |
| Universal Decimal Classification number |
535(082.1) |
| Item number |
SPI-1013 |
| 111 ## - MAIN ENTRY--MEETING NAME |
| Meeting name or jurisdiction name as entry element |
Society of Photo-Optical Instrumentation Engineers Conference |
| Location of meeting |
Florida |
| Date of meeting or treaty signing |
1987 Mar. 27-29 |
| 9 (RLIN) |
17077 |
| 245 #0 - TITLE STATEMENT |
| Title |
Optical design methods, applications, and large optics |
| Remainder of title |
proceedings of the SPIE held in Orlando, Florida, on 27-29 March 1987 |
| Statement of responsibility, etc. |
edited by Andre Masson, J. Schulte in Den Baumen and Hannfried Zugge |
| 260 ## - PUBLICATION, DISTRIBUTION, ETC. |
| Place of publication, distribution, etc. |
Washington |
| Name of publisher, distributor, etc. |
Society of Photo-Optical Instrumentation Engineers |
| Date of publication, distribution, etc. |
1989 |
| 300 ## - PHYSICAL DESCRIPTION |
| Extent |
viii, 254p. |
| 490 ## - SERIES STATEMENT |
| Series statement |
SPIE proceedings series; v. 1013 |
| 650 ## - SUBJECT ADDED ENTRY--TOPICAL TERM |
| Topical term or geographic name entry element |
Astronomy and Astrophysics Thesaurus |
| 650 ## - SUBJECT ADDED ENTRY--TOPICAL TERM |
| Topical term or geographic name entry element |
Large optics |
| 9 (RLIN) |
17078 |
| 650 ## - SUBJECT ADDED ENTRY--TOPICAL TERM |
| Topical term or geographic name entry element |
Optical design |
| 700 ## - ADDED ENTRY--PERSONAL NAME |
| Personal name |
Den Baumen, J. Schulte in, ed. |
| 9 (RLIN) |
17079 |
| 700 ## - ADDED ENTRY--PERSONAL NAME |
| Personal name |
Masson, Andre, ed. |
| 9 (RLIN) |
17080 |
| 700 ## - ADDED ENTRY--PERSONAL NAME |
| Personal name |
Zugge, Hannfried., ed. |
| 9 (RLIN) |
17081 |
| 942 ## - ADDED ENTRY ELEMENTS (KOHA) |
| Koha item type |
Books |
| 952 ## - LOCATION AND ITEM INFORMATION (KOHA) |
| -- |
59.00 |